000
00313nam a22001217a 4500
999
_c
160941
_d
160941
082
_a
_b
245
_a
Asiatic researches history and antiquities the arts sciences ethnology and literature of Asia (v.8)
260
_a
New Delhi:
_b
Cosmo,
_c
1980.
300
_a
267p.
600
_a
650
_a
942
_c
BK